Η Ευρωπαϊκή Ένωση με ή χωρίς Σύνταγμα : απαντήσεις στα ερωτήματα των πολιτών
Αποθηκεύτηκε σε:
| Κύριος συγγραφέας: | |
|---|---|
| Μορφή: | Βιβλίο |
| Γλώσσα: | Greek |
| Δημοσίευση: |
Αθήνα :
Παπαζήσης,
2006
|
| Θέματα: | |
| Ετικέτες: |
Προσθήκη ετικέτας
Δεν υπάρχουν, Καταχωρήστε ετικέτα πρώτοι!
|
MARC
| LEADER | 00000cam a2200000 i 4500 | ||
|---|---|---|---|
| 001 | 1/2377 | ||
| 008 | 091207s2006 gre d | ||
| 020 | |a 960-02-1931-1 | ||
| 035 | |l 10105972 | ||
| 040 | |a GR-MY-UA |b gre |e aacr | ||
| 041 | 0 | |a gre | |
| 082 | 0 | |a 342.24 |2 (22) | |
| 100 | 1 | |a Μούσης, Νίκος Σ. | |
| 245 | 1 | 2 | |a Η Ευρωπαϊκή Ένωση με ή χωρίς Σύνταγμα : |b απαντήσεις στα ερωτήματα των πολιτών / |c Νίκος Σ. Μούσης |
| 260 | |a Αθήνα : |b Παπαζήσης, |c 2006 | ||
| 300 | |a 153 σ.; |c 21 εκ. | ||
| 610 | 2 | 0 | |a European Union |x Constitution. |
| 650 | 0 | 0 | |a Constitutional law |z European Union countries. |
| 852 | |a INST |b RHODES |e 20091208 |h 342.24 ΜΟΥ |p 005400032265 |q 005400032265 |t BK |y 0 | ||
| 901 | |a BIBL4-2009-3 | ||
| 909 | |a Ρ |b 157282 | ||
| 970 | |a ΚΟΖΑ |b ΜΑΡΙΑ |z 2009/12/07 | ||